| 000 | 00814cam a22002411 4500 | ||
|---|---|---|---|
| 001 | sa 68001248 | ||
| 003 | DLC | ||
| 005 | 20260227112431.0 | ||
| 008 | 710903s1966 ii b 00010 eng | ||
| 010 | _asa 68001248 //r92 | ||
| 025 | _aPL480:I-E-9097 | ||
| 040 |
_aDLC _cDLC _dDLC |
||
| 050 | 0 | 0 |
_aPL4758.4 _b.C45 1966 |
| 100 | 2 | 0 |
_aCeṅkalvarāya Piḷḷai, Va. Cu., _d1883-1971. |
| 245 | 1 | 0 |
_aHistory of the Tamil prose literature, _cby V. S. Changalvaraya Pillai. |
| 250 | _a[1st ed.] | ||
| 260 | 0 |
_aTirunelveli, _bCopies can be had of: South India Saiva Siddhanta Works Pub. Society, _c1966. |
|
| 300 | _a77, p. 18 cm. | ||
| 350 | _aRs1.50 | ||
| 500 | _aA reprint of the author's M.A. thesis, 1904. | ||
| 504 | _aBibliographical footnotes. | ||
| 650 | 0 |
_aTamil prose literature _xHistory and criticism. |
|
| 999 |
_c77830 _d77830 |
||